Missa sancti Wenceslai partitura /
| Hlavní autor: | Michna z Otradovic, Adam Václav, 1600-1676 |
|---|---|
| Další autoři: | Sehnal, Jiří, 1931- |
| Jazyk: | Němčina Latina Angličtina |
| Vydáno: |
Praha : Státní hudební vydavatelství, 1966 |
| Vydání: | 1. vyd. |
| Edice: |
Musica Antiqua Bohemica
|
| Fyzický popis: |
1 partitura (120 s.) |
| Language note: |
Text též německy a anglicky |
| LEADER | 01026ncm a22002772a 4500 | ||
|---|---|---|---|
| 001 | 001252037 | ||
| 003 | CZ BrMZK | ||
| 005 | 20120925131944.0 | ||
| 007 | qu | ||
| 008 | 980105s1966 xr f lat d | ||
| 040 | |a BOA001 |b cze | ||
| 041 | 1 | |a lat |a ger |a eng | |
| 072 | 7 | |a 783 |x Církevní hudba. Duchovní hudba. Náboženská hudba |2 Konspekt |9 9 | |
| 100 | 1 | |a Michna z Otradovic, Adam Václav, |d 1600-1676 |7 jk01081495 |4 cmp | |
| 245 | 1 | 0 | |a Missa sancti Wenceslai |h [hudebnina] : |b partitura / |c Adam Václav Michna z Otradovic ; rev. Jiří Sehnal |
| 250 | |a 1. vyd. | ||
| 260 | |a Praha : |b Státní hudební vydavatelství, |c 1966 | ||
| 300 | |a 1 partitura (120 s.) | ||
| 490 | 1 | |a Musica Antiqua Bohemica ; |v Ser. 2., 1 | |
| 546 | |a Text též německy a anglicky | ||
| 700 | 1 | |a Sehnal, Jiří, |d 1931- |7 jk01110611 |4 edt | |
| 830 | 0 | |a Musica Antiqua Bohemica | |
| 910 | |a BOA001 |b Mus4-0557.282 | ||
| 990 | |a MU | ||
| 991 | |b 201210 | ||
| 996 | 6 | |b 2619103795 |c Mus4-0557.282 |l MZK |r Sklad / do 1 hodiny |n 1 |w 001286140 |u 000010 |a 1 |e BOA001 |j MZK50 |s P | |
English
Čeština 